Flags of the 1896 Olympics - Statistics

General Stats
  • This quiz has been taken 17,456 times
    17,433 since last reset
  • The average score is 12 of 14
Answer Stats
Picture Answer % Correct
Great Britain
100%
United States
100%
France
99%
Switzerland
97%
Denmark
95%
Italy
95%
Chile
88%
Bulgaria
86%
Germany
84%
Sweden
84%
Hungary
83%
Australia
77%
Greece
73%
Austria
56%
No matching quizzes found
Score Distribution
Percent of People with Each Score
Percentile by Number Answered
Your Score History
You have not taken this quiz since the last reset